Les pays ayant un Z dans leur nom - Statistiques

Statistiques générales
  • Ce quiz a été pris 425 fois
  • Le résultat moyen est 9 sur 13
Statistiques - réponses
Nom du pays % Correct
13 Zimbabwe
96%
12 Zambie
94%
1 Azerbaïdjan
79%
8 Ouzbékistan
78%
7 Nouvelle-Zélande
71%
4 Kazakhstan
70%
6 Mozambique
68%
10 Tanzanie
67%
11 Venezuela
66%
2 Belize
62%
5 Kirghizistan
62%
9 Swaziland
47%
3 Bosnie-Herzégovine
38%
Aucun quiz correspondant
Distribution des résultats
% des personnes avec chaque résultat
Percentile par nombre de réponses
Votre historique - résultats
Vous n’avez pas pris ce quiz